000 01002cab a2200265 4500
001 WB2940-28
008 090401t1993 xxu||||| |||| 00| 0 eng d
035 _a(Sirsi) u58909
041 _aeng
245 _aHeadmaster may buy school house
260 _c1993
350 _a0
490 _aTimes
_v26 October 1993, 38(1)
520 _a"Hughes & another v Greenwich LBC" HL 21 October 1993. A headmaster (H) had occupied a house on school grounds subject to his contract of employment by G, and claimed he was entitled by the Housing Act 1985 ptV to purchase the premises. The Lords agreed he was not excluded by Schedule 1 from buying and quashed G`s appeal.
650 _aEDUCATIONAL BUILDINGS
650 _aFREE ACCOMMODATION
650 _aHOUSING ACT 1985 S2(1)
650 _aOCCUPATIONAL ACCOMMODATION
650 _aRIGHT TO BUY
650 _aSCHOOLS
650 _aTIED HOUSES
690 _aLANDLORD AND TENANT-CASE LAW-RESIDENTIAL TENANCIES
942 _n0
948 _c04/03/1997
999 _c36037
_d36037